| 000 | 00462nam a2200157 a 4500 | ||
|---|---|---|---|
| 001 | 7093 | ||
| 005 | 20180713190959.0 | ||
| 008 | 140415s1969 000 0 spa d | ||
| 041 | _aspa | ||
| 082 |
_a333.3898 _bURB |
||
| 245 | 0 | 3 | _aLA URBANIZACION EN AMERICA LATINA |
| 260 |
_a[s.l.] : _bEDITORIAL DEL INSTITUTO, _c1969 |
||
| 300 | _a449 | ||
| 490 | _aCELESTE: PLANEAMIENTO REGIONAL Y URBANO | ||
| 650 | 1 | 4 |
_aECONOMIA _xURBANIZACION _xAMERICA LATINA |
| 999 |
_c7093 _d7093 |
||